| 000 | 01046nam a22002897a 4500 | ||
|---|---|---|---|
| 005 | 20100603111217.0 | ||
| 008 | 100603t xxu||||| |||| 00| 0 eng d | ||
| 010 | _aENG-96283 | ||
| 020 |
_a978070683648 _c575.00 |
||
| 020 |
_a0070683646 _c575.00 |
||
| 035 | _aEN-79816 | ||
| 037 | _bDBAD/PUB | ||
| 040 |
_aDPL _bENG |
||
| 082 | _a658.4063 | ||
| 100 |
_aWolcott Robert C. _921812 |
||
| 245 |
_aGrow from within: _bmastering corporate entrepreneurship and innovation / _cby Robert C. Wolcott [and] Michael J. Lippitz |
||
| 260 |
_aNew Delhi _bTata McGraw Hill Education _c2010 |
||
| 270 |
_a7 West Patel Nagar _bNew Delhi _e110008 |
||
| 300 |
_axii,260p.; _c22 cm. (Hb) |
||
| 500 | _aincludes index | ||
| 650 |
_aEntrepreneurship _921813 |
||
| 650 |
_aNwe business enterprizes _921814 |
||
| 650 |
_aNew produets _921815 |
||
| 700 |
_aLippitz J. Michael _921816 |
||
| 942 |
_2ddc _cEN _mWOL _h658.4063 |
||
| 999 |
_c36517 _d36517 |
||